Urdu Adab men taqseem-e- hind aur uske nataij (Record no. 303)
[ view plain ]
| 000 -LEADER | |
|---|---|
| fixed length control field | 00308nam a2200121Ia 4500 |
| 008 - FIXED-LENGTH DATA ELEMENTS--GENERAL INFORMATION | |
| fixed length control field | 230125s9999 xx 000 0 und d |
| 020 ## - INTERNATIONAL STANDARD BOOK NUMBER | |
| International Standard Book Number | 8181720938 |
| 082 ## - DEWEY DECIMAL CLASSIFICATION NUMBER | |
| Classification number | U09 |
| Item number | GALU |
| 100 ## - MAIN ENTRY--PERSONAL NAME | |
| Personal name | GALIB INSTITUTE |
| 245 #0 - TITLE STATEMENT | |
| Title | Urdu Adab men taqseem-e- hind aur uske nataij |
| 260 ## - PUBLICATION, DISTRIBUTION, ETC. | |
| Name of publisher, distributor, etc. | GALIB INSTITUTE |
| Date of publication, distribution, etc. | 2018 |
| 942 ## - ADDED ENTRY ELEMENTS (KOHA) | |
| Koha item type | Book |
| Withdrawn status | Lost status | Source of classification or shelving scheme | Damaged status | Not for loan | Collection code | Home library | Current library | Shelving location | Date acquired | Cost, normal purchase price | Full call number | Barcode | Date last seen | Price effective from | Koha item type | Public note |
|---|---|---|---|---|---|---|---|---|---|---|---|---|---|---|---|---|
| Dewey Decimal Classification | Non-fiction | RIC Library | RIC Library | General Stacks | 01/25/2023 | 201.00 | 8U9 GALU | 000296 | 01/25/2023 | 01/25/2023 | Book | R-14.1 |
